Normal view
MARC view
- علم النفس التربوي - أساليب إحصائية
Entry Topical Term
001 - CONTROL NUMBER
- control field: 40128
003 - CONTROL NUMBER IDENTIFIER
- control field: JO-AjAnu
005 - DATE AND TIME OF LATEST TRANSACTION
- control field: 20230606080652.0
008 - FIXED-LENGTH DATA ELEMENTS
- fixed length control field: 230606|| aca||aabn | a|a d
040 ## - CATALOGING SOURCE
- Original cataloging agency: JO-AjAnu
- Transcribing agency: JO-AjAnu
150 ## - HEADING--TOPICAL TERM
- Topical term or geographic name entry element: علم النفس التربوي - أساليب إحصائية
670 ## - SOURCE DATA FOUND
- Source citation: Work cat.: (JO-AjAnu)20571: سميث، ج.ملتون/ترجمة ابراهيم بسيوني عميرة, author 40127, الدليل الى الاحصاء في التربية وعلم النفس=This is a translation of A Simplified Guide to Statistics for Psychology and Education